000 00332nam a22001337a 4500
020 _a9788175541146
040 _cNUST
082 _a658.314 CLE
100 _aClegg, Brain
_9114055
245 _aJust in Time Motivation
260 _aNew Delhi:
_bKogan Page,
_c2005.
650 _aJust in Time Motivation
_9114056
942 _2ddc
_cBK
999 _c595443
_d595443